Literary Prequel, Sequel, Both, or Neither Quiz Stats

 Plays Quiz Updated Jul 26, 2019

Score 0/24 Timer 04:00
4 Plays Today
Question Answer Wrong Answers
Animal Farm
Orwell
Neither
89.7%
Prequel
1.4%
Sequel
2.3%
Both
0.6%
The Great Gatsby
Fitzgerald
Neither
87.7%
Prequel
1.6%
Sequel
3.9%
Both
0.8%
The Hunchback of Notre-Dame
Hugo
Neither
87.4%
Prequel
1.5%
Sequel
4.1%
Both
0.8%
The Scarlet Letter
Hawthorne
Neither
85.8%
Prequel
2.1%
Sequel
4.4%
Both
1.4%
Harry Potter and the Order of the Phoenix
Rowling
Both
83.2%
Prequel
2.8%
Sequel
7.6%
Neither
0.5%
Pride and Prejudice
Austen
Neither
82.6%
Prequel
2%
Sequel
7.3%
Both
1.9%
The Little Prince
Saint-Exupéry
Neither
80.1%
Prequel
2.5%
Sequel
8.5%
Both
2.4%
Charlotte's Web
White
Neither
77.6%
Prequel
1.9%
Sequel
13.1%
Both
1.1%
Prince Caspian
Lewis
Both
74.5%
Prequel
6.7%
Sequel
8.6%
Neither
3.9%
Jurassic Park
Crichton
Sequel
68.8%
Prequel
7.3%
Both
5.8%
Neither
11.9%
The Fountainhead
Rand
Neither
67.3%
Prequel
7.9%
Sequel
12.4%
Both
5.7%
Charlie and the Great Glass Elevator
Dahl
Prequel
66.5%
Sequel
14.8%
Both
8.2%
Neither
4.6%
New Moon
Meyer
Both
65.8%
Prequel
12.4%
Sequel
11.2%
Neither
4.3%
A Feast for Crows
Martin
Both
62.1%
Prequel
5.7%
Sequel
9.4%
Neither
16.3%
Lord of the Rings: The Return of the King
Tolkien
Prequel
61.3%
Sequel
11.2%
Both
20.9%
Neither
0.7%
Divergent
Roth
Sequel
61%
Prequel
7.1%
Both
16.2%
Neither
9.6%
The Girl Who Played with Fire
Larsson
Both
59.9%
Prequel
15%
Sequel
14.4%
Neither
4.6%
Through the Looking-Glass
Carroll
Prequel
59.2%
Sequel
22.1%
Both
8.1%
Neither
4.3%
Little Women
Alcott
Sequel
56.4%
Prequel
6.1%
Both
2.9%
Neither
28.2%
Anne of Green Gables
Montgomery
Sequel
55.5%
Prequel
5.9%
Both
6.2%
Neither
26.5%
Tom Sawyer, Detective
Twain
Prequel
50.8%
Sequel
16.4%
Both
20.8%
Neither
6.1%
The Sea of Monsters
Riordan
Both
47.3%
Prequel
9.1%
Sequel
13.2%
Neither
23.8%
The Restaurant at the End of the Universe
Adams
Both
47%
Prequel
24%
Sequel
11.1%
Neither
11.5%
Mockingjay
Collins
Prequel
44.7%
Sequel
11.9%
Both
33.6%
Neither
3.9%

You're not logged in!

Compare scores with friends on all Sporcle quizzes.
OR
Log In

Sporcle TV

Today on Sporcle TV


Watch our educational content, quiz creation guides, and fun videos on Sporcle TV.

Show Comments

Extras

Top Quizzes Today


Score Distribution

Your Account Isn't Verified!

In order to create a playlist on Sporcle, you need to verify the email address you used during registration. Go to your Sporcle Settings to finish the process.

Report this User

Report this user for behavior that violates our Community Guidelines.

Details: